| 000 | 00837nam a22002777a 4500 | ||
|---|---|---|---|
| 003 | CHAP | ||
| 005 | 20220329140426.0 | ||
| 008 | 971013s1972 fr r 00010 eng d | ||
| 010 | _a51766 | ||
| 011 | _a52738 | ||
| 035 | _a56888 | ||
| 040 | _cCHAP | ||
| 082 | 0 | 4 |
_a374.26 _bW3 |
| 100 | 0 | 0 |
_aWaniewicz, Ignacy. _9121024 |
| 245 | 1 |
_aBroadcasting for adult education _b: a guidebook to world-wide experience |
|
| 260 |
_aParis : _bUNESCO, _c1972 |
||
| 300 | _a132 p. | ||
| 590 |
_aBATCH-UPD _b10 _c20130110 _lUCH01 _h1223 |
||
| 590 |
_aBATCH-UPD _b10 _c20130410 _lUCH01 _h0757 |
||
| 590 |
_aBATCH-UPD _b10 _c20130914 _lUCH01 _h1952 |
||
| 590 |
_aCONVERSION _b10 _c20130109 _lUCH01 _h1328 |
||
| 650 | 1 | 4 |
_aRadio en educación. _993691 |
| 901 | _aBK | ||
| 942 | _cLIBRO | ||
| 949 |
_a374.26 W3 _bBC _cLIBRO _d33724000430799 _eLIBRO _h17439 _i56888 _si |
||
| 999 |
_c51766 _d51766 |
||